000 01025nam0a22002771 4500
001 RU\NLR\INFOCOMM_253\5000055606
005 20250613101817.0
035 _a(NLR Aleph) 009394506
090 _a8064261
_c8064261
100 _a20110112d1973 |||y0rusy50 ca
101 0 _aeng
102 _aRU
105 _ay ||||000|y
200 1 _aRaising the efficiency of socialist economic management
_fBoris Gubin, M. Sc. (Economics)
210 _aM.
_c"Novosti" press agency publ. house
_d1973
215 _a113 с.
_d16 см
300 _aНа обл. авт. не указан
300 _aВ вып. дан.: В. Губин. Эффективность управления социалистическим производством
607 _aСССР
_xНародное хозяйство
_xУправление
_2nlr_sh1
686 _aУ21(2)
_2rubbk
700 1 _aGubin
_bB. V.
_gBoris Vasil'evič
_4070
801 1 _aRU
_bNLR
_c20110112
801 0 _aRU
_bNLR
_gPSBO
852 _aNLR
_jЭк31 Д-1/28
942 _cBOOK
980 _aNB